Представление документа в формате RUSMARC

ПолеНазваниеЗначение
  Тип записи a
  Библиографический уровень m
001 Контрольный номер fa3e2ef0d7624d5d8d265d8e9bb2cdbe
005 Дата корректировки 20250211122048.5
010 Индекс ISBN __
a ISBN 978-5-00167-614-0
d Цена 861-89
100 Данные общей обработки __
a Данные общей обработки 20250203d2024####damy0rusy50######ca
101 Язык документа 0_
a Язык текста rus
102 Страна публикации __
a Страна публикации RU
200 Заглавие и сведения об ответственности 1_
a Заглавие Пойдем гулять
e Сведения, относящиеся к заглавию книга для родителей, которые хотят вместе со своими детьми лучше узнать наш мир
f Первые сведения об ответственности Екатерина Мурашова, Дина Анащенко
g Последующие сведения об ответственности иллюстрации Олеси Гонсеровской
210 Выходные данные 1_
a Место издания Москва
c Издательство Самокат
d Дата издания 2024
215 Физическое описание __
a Объем 165, [3] с.
c Иллюстрации/тип воспроизводства ил.
225 Серия (Журнальная рубрика) 2_
a Серия (Журнальная рубрика) Самокат для родителей
300 Общие примечания __
a Общие примечания Пойдём гулять
330 Аннотация __
a Аннотация В книге предложено родителям более 700 упражнений, которые помогут познакомить ребенка с природой на даче, дома, в городе, в лесу, в поле, на берегу водоема и моря и обогатить опыт совместного проведения досуга родителей с детьми.
333 Примечание о целевом назначении __
a Примечание о целевом назначении 12+
517 Другие варианты заглавия 1_
a Другие варианты заглавия Пойдём гулять
606 Тематические рубрики __
a Основная рубрика Образование. Педагогика
606 Тематические рубрики __
a Основная рубрика Семейное воспитание и образование
610 Ключевые слова 0_
a Ключевые слова семейное воспитание
a Ключевые слова прогулки на свежем воздухе
a Ключевые слова дошкольники
a Ключевые слова младшие школьники
a Ключевые слова дети и родители
a Ключевые слова времена года
a Ключевые слова знакомство с окружающим миром
a Ключевые слова знакомство с окружающим миром
a Ключевые слова познавательные процессы
686 Индексы других классификаций __
a Индекс ББК 74.90
700 Автор _1
a Фамилия Мурашова
b Имя Е. В.
g Полное личное имя Екатерина Вадимовна
f Даты 1962-
701 Альтернативная интеллектуальная ответственность (другие авторы) _1
a Фамилия Анащенко
b Имя Д.
g Полное личное имя Дина
702 Вторичная интеллектуальная ответственность _1
a Фамилия Гонсеровская
b Имя О. М.
g Полное личное имя Олеся М.
801 Источник записи _0
a Страна RU
b Организация Центральная районная библиотека им. Г. А. Пирожникова
g Правила каталогизации bzbo
c Дата составления 20250203
801 Источник записи _1
a Страна RU
b Организация Центральная районная библиотека им. Г. А. Пирожникова
g Правила каталогизации bzbo
c Дата составления 20250203
852 Данные о местонахождении __
i Авторский знак М 911
j Шифр хранения 74.90
901 Тип документа __
t Тип документа m
902 Роль лиц __
a Создатель БЗ ОКиО/Колмакова